Statistiques concernant Inazuma Eleven - Toutes les supertechniques de Raimon 1 et 2

Cliquez ici pour prendre le quiz!

Statistiques générales

  • Ce quiz a été pris 1 433 fois
  • Le résultat moyen est 36 sur 52

Statistiques - réponses

Joueur(s)Réponse% Correct
MarkMain céleste
99%
JackLe mur
97%
MarkMain magique
97%
AxelTornade de feu
96%
Axel/KevinTornade du dragon
91%
KevinChoc du dragon
90%
BobbyTacle de la mort
89%
Axel/JackTrampoline du tonnerre
88%
ShawnBlizzard éternel
86%
ToriLa tour
86%
AxelTempête de feu
86%
TimmyTourbillon
84%
ShawnPatinoire
81%
JudeBallon illusoire
80%
Mark/Erik/BobbyPhénix
79%
MarkPoing ardent
79%
MarkPoing explosif
79%
ByronSavoir suprême
78%
NathanDribble rafale
77%
ByronInstant céleste
77%
Mark/Axel/ShawnLa Terre
77%
ShawnLoup légendaire
77%
MarkPoing de la justice
77%
KevinChoc de la vouivre
76%
Shawn/AxelFeu-glacé
75%
Axel/NathanOiseau de feu
75%
HurleyTir tsunami
75%
ScottyTourbillon vivant
75%
MarkTête explosive
73%
Mark/Erik/BobbyTri-pégase
73%
Axel/MarkFoudre
72%
DarrenMains de l'infini
71%
Axel/JudeTir puissance 2
71%
Shawn/KevinBlizzard de la vouivre
69%
ErikDanse ardente
69%
Axel/Mark/JudeEclair pulvérisant
69%
SueTir de la rose
69%
Mark/Jude/BobbyTriangle de la mort 2
64%
Axel/Jack/MarkSuper trampoline du tonnerre
62%
Tori/Hurley/ScottyTour parfaite
62%
ErikTir hélicoptère
61%
Sue/ToriDanse des papillons
59%
BobbyVolcan circulaire
53%
Axel/Jude/ErikManchot empereur n°2
47%
JimSpirale de défense
46%
SamTir grenade
45%
MaxShoot en croix
36%
TimmyTête kung-fu
36%
SteveFrappe rotative
34%
TodAccélération
25%
ErikTir spirale
24%
SueTour de la comète
23%

Distribution des résultats

Percentile par nombre de réponses

% des personnes avec chaque résultat

Votre développement - résultats

Vous n’avez pas pris ce quiz